| 000 | 00511nam a22001817a 4500 | ||
|---|---|---|---|
| 003 | OSt | ||
| 005 | 20140310182442.0 | ||
| 008 | 130803t xxu||||| |||| 00| 0 eng d | ||
| 020 | _a9789715848718 | ||
| 050 |
_aQR 63 _b.B292 2009 |
||
| 100 |
_aBartolome, Fe A. _97419 |
||
| 245 |
_aMicrobiology and Parasitology / _cFe A. Bartolome |
||
| 260 |
_aQuezon City, Philippines : _bC & E Publishing Inc., _cc2009. |
||
| 300 |
_a323 p. : _bill. ; _c26 cm. |
||
| 541 | _j1 | ||
| 562 | _e1 | ||
| 942 |
_2lcc _cSSLC |
||
| 999 |
_c13543 _d13543 |
||